000 00410cam a2200181 4500
001 D13416
008 090401t1907 xxu||||| |||| 00| 0 eng d
035 _a(Sirsi) u9638
041 _aeng
100 _aMerriman, M.
245 _aElements of precise surveying and geodesy
250 _a2nd
260 _bChapman & Hall
_c1907
350 _a0
520 _aShelf 132
942 _n0
948 _c04/03/1997
999 _c86649
_d86649